000 01145nam a2200373 a 4500
999 _c160985
_d160985
003 BLK
005 20250708145522.0
008 180410b bul|||||r ||||||| ||bul||
010 _aKNG00168278000
040 _aBLK
041 _aBUL
_cBUL
072 7 _2bullib
_aК
_xКраезнание
072 7 _2bullib
_aЯ
_xАвтографи
080 _aБългарска литература
_b821.163.2
_x-8
_z821.163.2-8
139 _aСеверни цветя
_bС 30
245 1 0 _aСеверни цветя
_bПесни и разкази : Антология
257 _aBGR
260 _aРусе
_c1920
_fРусе : печ. Роглев
300 _a80 с.
_c25 см
380 _aX
490 _aБиблиотека Родна реч
_vГ. І, № 1
_9207666
659 _aК
659 _aЯ
852 _aЦб 8581
_bО
852 _aК 821.163.2/С 30
856 4 _qpdf
856 4 _qpdf
942 _cKNG
_n0
_s1
_02
944 _aCR
_c03.12.2014
_lХристина Везирева
_k30535
944 _aED
_c03.12.2014
_l03.12.2014 - от С1,Р / 03.12.2014
999 _d160985
999 _d160985
999 _d160985